LEADER 01286nam a2200313 u 4500 001 000000060360 003 CaOOAMICUS 005 20070226120913.0 008 010719s1970 it u000 u ita u 035 $a10897871 040 $aPUL(R)$bita 041 1 $aita$hger 100 1 $aBalthasar, Hans Urs von,$ccardinale,$d1905-1988.$0(OLS)http://pul/name/1429 240 10$aRomano Guardini.$hItaliano.$0(OLS)http://pul/title/80700 245 10$aRomano Guardini :$briforma dalle origini /$cHans Urs von Balthasar. 260 $aMilano :$bJaca Book,$cc1970. 300 $a114 p. ;$c24 cm 490 1 $aTeologia ;$v5 504 $aBibliografia in nota. 600 14$aGuardini, Romano,$csac.,$d1885-1968.$0(OLS)http://pul/subject/4936 650 4$aTeologia$ySec. XX.$0(OLS)http://pul/subject/1844 830 0$aTeologia ;$v5.$0(OLS)http://pul/title/42916 830 0$aTeologia (Jaca Book) ;$v5.$0(OLS)http://pul/title/43953 850 $aPUL 852 $aPUL$W1$xSL Religione 1$y3$m56 I 26$j78659$nBK-PRI$b $qStampati$B78659$CPULBib$Z2$F78659 $H $81 941 1 $a8 961 $aINV: 37659 996 $6245$aRomano Guardini :$briforma dalle origini$9(OLS)http://pul/title/80701 996 $6260$aMilano :$bJaca Book$9(OLS)http://pul/publisher/47900 LEADER 01303nam a2200289 a 4500 001 000000133872 003 CaOOAMICUS 005 20130509141847.0 008 130509s2001 it u000 u ita r 020 $a88-11-68541-9 040 $aPUL$bita 100 1 $aMan, Igor.$0(OLS)http://pul/name/86262 245 12$aL'Islàm dalla A alla Z :$bdizionario di guerra scritto per la pace /$cIgor Man ; a cura di Giacomo Galeazzi ; con una nota di Marcello Sorgi ; postfazione di Khaled Fouad Allam. 260 $aMilano :$bGarzanti,$c©2001. 300 $a127 p. ;$c19 cm 650 4$aIslam$xCritica e interpretazione.$0(OLS)http://pul/subject/17046 700 1 $aSorgi, Marcello.$0(OLS)http://pul/name/86263 700 1 $aGaleazzi, Giacomo,$b1972-$0(OLS)http://pul/name/76279 700 1 $aAllam, Khaled Fouad.$0(OLS)http://pul/name/47882 850 $aPUL 852 $aPUL$W1$xDP1 Fondo E. Rossi$y115$m1 M 12$j153897$qFondi$B153471$CPULBib$Z2$F153471 $82 941 1 $a1 961 $aSul dorso collocazione ms. di E. Rossi: M 11 4 996 $6020$a88-11-68541-9$9(OLS)http://pul/number/152669 996 $6245$aL'Islàm dalla A alla Z :$bdizionario di guerra scritto per la pace$9(OLS)http://pul/title/169233 996 $6260$aMilano :$bGarzanti$9(OLS)http://pul/publisher/49146